| 000 | 01110nac a22002531u 4500 | ||
|---|---|---|---|
| 010 | _a2003060538 | ||
| 020 | _a0521824478 | ||
| 082 | 0 | 0 |
_a332.015195 _bM1238 |
| 090 |
_c1191 _d1191 |
||
| 100 | _aMcCauley, Joseph L. | ||
| 245 | 1 | 0 |
_aDynamics of markets : _beconophysics and finance from a physicist's standpoint / _cJoseph McCauley. |
| 260 |
_aCambridge, UK ; _aNew York : _bCambridge University Press, _c2004. |
||
| 300 |
_axvi, 209 p. : _bill. ; _c26 cm. |
||
| 504 | _aIncludes bibliographical references (p. 201-206) and index. | ||
| 650 | 0 |
_aFinance _xMathematical models. |
|
| 650 | 0 |
_aFinance _xStatistical methods. |
|
| 650 | 0 | _aBusiness mathematics. | |
| 650 | 0 |
_aMarkets _xMathematical models. |
|
| 650 | 0 | _aStatistical physics. | |
| 856 | 4 | 1 |
_3Table of contents _uhttp://www.loc.gov/catdir/toc/cam051/2003060538.html |
| 856 | 4 | 1 |
_3Publisher description _uhttp://www.loc.gov/catdir/description/cam051/2003060538.html |
| 942 |
_cBB _k332.015195M1238 |
||
| 999 |
_c1191 _d1191 |
||